000 10235nam a22008657a 4500
005 20080610112017.0
008 080606t xxu||||| |||| 00| 0 eng d
010 _aB-263712-743
020 _a9781593393007 (set)
_c15000.00 (set)
020 _a1593393008 (set)
035 _aB-263712-743
037 _a213 dt. 5/5/08
_bOrient Books/ 5.5.08 /19 / 8.4.08 /19.5.08 /15000.00(set)
040 _aDPL
_bEN
082 _a030
245 _aBritannica student encyclopedia
246 _aOne hundred one great Indian
_bcompiled by Shyam Dua
260 _bEncyclopedia Britannica
_c2008
260 _bOrient Books (Vender)
300 _a16 v.
_bcol. photos
_c26 cm (Hb)
505 _av.1- A (240p.); v.2- B (159p.); v.3- C (240p.); v.4- D-E (176p.); v.5- F-G (176p.); v.6- H-I (175p.); v.7- J-K-L (191p.);
_g
505 _g
505 _av.8- M (224p); v.9- N-O (160p.); v.10- P (172p.) v.11- Q-R (111p.); v.12- S (224p).); v.13- T (125p.); v.14 - U-V (106p.); v.15 - W-X-Y-Z (110p.); v.16 - index (302p.)
_g
505 _g
700 _aDua, Shyam
942 _2ddc
_cCH
_h030
_mBRI
999 _c13437
_d13437